Revitalising health and safety in construction : discussion document (Record no. 102487)

MARC details
000 -LEADER
fixed length control field 00757cam a2200193 4500
001 - CONTROL NUMBER
control field J120153
008 - FIXED-LENGTH DATA ELEMENTS--GENERAL INFORMATION
fixed length control field 020410n2002 000 0 eng u
035 ## - SYSTEM CONTROL NUMBER
System control number (Sirsi) u120153
050 ## - LIBRARY OF CONGRESS CALL NUMBER
Classification number 344.410465
110 ## - MAIN ENTRY--CORPORATE NAME
Corporate name or jurisdiction name as entry element Great Britain
Subordinate unit Health and Safety Executive
245 ## - TITLE STATEMENT
Title Revitalising health and safety in construction : discussion document
260 ## - PUBLICATION, DISTRIBUTION, ETC.
Place of publication, distribution, etc. London
Name of publisher, distributor, etc. HSE
Date of publication, distribution, etc. 2002
300 ## - PHYSICAL DESCRIPTION
Extent vi,54p.
Dimensions 30cm.
520 ## - SUMMARY, ETC.
Summary, etc. A consultation paper launching the "Revitalising health and safety" campaign, which aims to establish the best ways of achieving the changes necessary to improve the construction industry's poor health and safety record.
650 ## - SUBJECT ADDED ENTRY--TOPICAL TERM
Topical term or geographic name entry element SITE SAFETY
650 ## - SUBJECT ADDED ENTRY--TOPICAL TERM
Topical term or geographic name entry element CONSTRUCTION SAFETY
690 ## - LOCAL SUBJECT ADDED ENTRY--TOPICAL TERM (OCLC, RLIN)
Topical term or geographic name as entry element Health and safety
9 (RLIN) 6244
942 ## - ADDED ENTRY ELEMENTS (KOHA)
Suppress in OPAC 0
Holdings
Withdrawn status Lost status Source of classification or shelving scheme Damaged status Not for loan Home library Current library Shelving location Date acquired Total Checkouts Full call number Barcode Date last seen Date last checked out Copy number Price effective from Koha item type
    Dewey Decimal Classification     London London Folio 17/10/2002 2 F344.410465 HEA 30067937 06/08/2019 17/05/2007 1 06/08/2019 Book